Оценка факторов роста и прогнозирование социально-экономического развития регионов России (Запись № 4369924)

Подробности
000 -МАРКЕР
контрольное поле 02527nam0a2200409 4500
001 - ИДЕНТИФИКАТОР ЗАПИСИ
контрольное поле RU\NLR\bibl\2013353
005 - ИДЕНТИФИКАТОР ВЕРСИИ
контрольное поле 20260407105725.0
010 ## - МЕЖДУНАРОДНЫЙ СТАНДАРТНЫЙ НОМЕР КНИГИ (ISBN)
Номер (ISBN) 978-5-94646-400-0
Тираж 500
021 ## - НОМЕР ГОСУДАРСТВЕННОЙ РЕГИСТРАЦИИ
Код страны Российская Федерация
Номер 2013-14250
Номер Листа государственной регистраци 1014
035 ## - ДРУГИЕ СИСТЕМНЫЕ НОМЕРА
Идентификатор записи (NLR Aleph) 002001816
035 ## - ДРУГИЕ СИСТЕМНЫЕ НОМЕРА
Идентификатор записи (nilc)RuMoRGB-006540382
100 ## - ДАННЫЕ ОБЩЕЙ ОБРАБОТКИ
Данные общей обработки 20130226d2012 |||y0rusy50 ca
101 0# - ЯЗЫК РЕСУРСА
Язык текста, звукозаписи и т.д. русский
102 ## - СТРАНА ПУБЛИКАЦИИ ИЛИ ПРОИЗВОДСТВА
Страна публикации Российская Федерация
105 ## - ПОЛЕ КОДИРОВАННЫХ ДАННЫХ: ТЕКСТОВЫЕ МАТЕРИАЛЫ, МОНОГРАФИЧЕСКИЕ
Кодированные данные о монографическом текстовом документе a |||||||||
200 1# - ЗАГЛАВИЕ И СВЕДЕНИЯ ОБ ОТВЕТСТВЕННОСТИ
Основное заглавие Оценка факторов роста и прогнозирование социально-экономического развития регионов России
Первые сведения об ответственности [д.ф.-м.н. Быстрай Г.П., к.э.н. Васильева А.В., Васильева Е.В. и др.]
Последующие сведения об ответственности под ред. акад. РАН А.И. Татаркина, акад. РАН П.А. Минакира
-- Ин-т экономики Ур. отд-ния Рос. акад. наук, Ин-т экон. ислед. Дальневост. отд-ния Рос. акад. наук
210 ## - ПУБЛИКАЦИЯ, РАСПРОСТРАНЕНИЕ И ДР.
Место издания, распространения и т.д. Екатеринбург
-- Хабаровск
Имя издателя, распространителя и т. д. Институт экономики УрО РАН
-- Институт экономических исследований ДВО РАН
Дата издания, распространения и т.д. 2012
215 ## - ФИЗИЧЕСКАЯ ХАРАКТЕРИСТИКА
Специфическое обозначение материала и объем 177 с.
Другие сведения о физической характеристике ил.
Размеры 21
300 ## - ОБЩИЕ ПРИМЕЧАНИЯ
Текст примечания Авт. указаны на 3-й с.
320 ## - ПРИМЕЧАНИЯ О НАЛИЧИИ В ДОКУМЕНТЕ БИБЛИОГРАФИИ / УКАЗАТЕЛЯ
Текст примечания Библиогр.: с. 164-177
607 ## - ГЕОГРАФИЧЕСКОЕ НАИМЕНОВАНИЕ КАК ПРЕДМЕТ
Географическое наименование Российская Федерация
Тематический подзаголовок Социально-экономическое развитие
-- Региональный аспект
Системный номер авторитетной/нормативной записи 2155873
Идентификатор авторитетной/нормативной записи RU\NLR\auth\661297883
686 1# - ИНДЕКСЫ ДРУГИХ КЛАССИФИКАЦИЙ
Индекс У04(2Р)9
701 #1 - ИМЯ ЛИЦА - АЛЬТЕРНАТИВНАЯ ОТВЕТСТВЕННОСТЬ
Начальный элемент ввода Быстрай
Часть имени, кроме начального элемента ввода Г. П.
Расширение инициалов личного имени Геннадий Павлович
Код отношения Автор
701 #1 - ИМЯ ЛИЦА - АЛЬТЕРНАТИВНАЯ ОТВЕТСТВЕННОСТЬ
Код отношения Автор
Начальный элемент ввода Васильева
Часть имени, кроме начального элемента ввода А. В.
Дополнения к именам, кроме дат канд. экон. наук, экон. безопасность
Расширение инициалов личного имени Александра Владимировна
Системный номер авторитетной/нормативной записи 129098
Идентификатор авторитетной/нормативной записи RU\NLR\AUTH\770129129
701 #1 - ИМЯ ЛИЦА - АЛЬТЕРНАТИВНАЯ ОТВЕТСТВЕННОСТЬ
Код отношения Автор
Материалы, к которым относится поле rus
Графика поля Кириллица
Начальный элемент ввода Васильева
Часть имени, кроме начального элемента ввода Е. В.
Дополнения к именам, кроме дат д-р экон. наук, экон. безопасность
Расширение инициалов личного имени Елена Витальевна
Идентификатор авторитетной/нормативной записи RU\NLR\AUTH\77113403
Системный номер авторитетной/нормативной записи 96328
702 #1 - ИМЯ ЛИЦА - ВТОРИЧНАЯ ОТВЕТСТВЕННОСТЬ
Код отношения Прочие
Материалы, к которым относится поле rus
Графика поля Кириллица
Начальный элемент ввода Татаркин
Часть имени, кроме начального элемента ввода А. И.
Даты 1946-2016
Расширение инициалов личного имени Александр Иванович
Идентификатор авторитетной/нормативной записи RU\NLR\AUTH\7760212
Системный номер авторитетной/нормативной записи 43143
712 02 - НАИМЕНОВАНИЕ ОРГАНИЗАЦИИ - ВТОРИЧНАЯ ОТВЕТСТВЕННОСТЬ
Код отношения Прочие
Начальный элемент ввода Институт экономики
Идентифицирующий признак Екатеринбург
Идентификатор авторитетной/нормативной записи RU\NLR\AUTH\889937498
Системный номер авторитетной/нормативной записи 369820
801 #0 - ИСТОЧНИК ЗАПИСИ
Страна Российская Федерация
Организация RuMoRKP
Дата составления 20130226
Правила каталогизации RCR
801 #2 - ИСТОЧНИК ЗАПИСИ
Страна Российская Федерация
Организация РГБ
Дата составления 20130326
Правила каталогизации rcr
801 #1 - ИСТОЧНИК ЗАПИСИ
Страна Российская Федерация
Организация RuMoRKP
Дата составления 20130226
Источник данных rusmarc
801 #2 - ИСТОЧНИК ЗАПИСИ
Страна Российская Федерация
Организация NLR
Дата составления 20130319
Правила каталогизации rcr
942 ## - ДОПОЛНИТЕЛЬНЫЕ ЭЛЕМЕНТЫ ЗАПИСИ (АБИС)
Тип экземпляра АБИС Книга
980 ## - КОЛЛЕКЦИЯ
Название коллекции Национальная библиография
980 ## - КОЛЛЕКЦИЯ
Название коллекции НБР

Нет доступных экземпляров.